| 000 | 00573nam a2200193 a 4500 | ||
|---|---|---|---|
| 005 | 20240920064457.0 | ||
| 008 | 030409s2000 mx r 000 0 spa d | ||
| 020 | _a9582005459 | ||
| 035 | _aUPN01000123719 | ||
| 049 | _aCG | ||
| 050 | 4 |
_aGV341 _bG8.4 |
|
| 100 | 1 |
_aGuimaraes Rodríguez, Toninho _935044 |
|
| 245 | 1 | 0 |
_aEducación física básica / _cToninho Guimaraes Rodríguez. |
| 260 |
_aSantafé de Bogotá : _bCooperativa Editorial Magisterio, _c2000. |
||
| 300 |
_a196 p. : _bil. |
||
| 440 | 0 | _aAula alegre | |
| 650 | 4 |
_aEducación física _912884 |
|
| 905 | _aLibro | ||
| 999 |
_c95898 _d95898 |
||